[Event "Mersin op-B 7th"]
[Site "Mersin"]
[Date "2023.11.13"]
[Round "3"]
[White "Yildiz, Elif Zeren"]
[Black "Camci, Kayra"]
[Result "1-0"]
[WhiteElo "1679"]
[BlackElo "1706"]
[PlyCount "60"]
[EventDate "2023.11.12"]
[EventType "swiss"]
[EventRounds "9"]
[EventCountry "TUR"]
[SourceTitle "CB49_2023"]
[SourceDate "2023.12.06"]
[SourceVersion "1"]
[SourceVersionDate "2023.12.06"]
[SourceQuality "1"]

1. e4 c5 2. Nf3 d6 3. d4 cxd4 4. Qxd4 Nc6 5. Bb5 Bd7 6. Bxc6 Bxc6 7. Nc3 Nf6 8. Bg5 e6 9. 0-0-0 Be7 10. Rhe1 0-0 11. Kb1 Qc7 12. Nd2 b5 13. f3 a5 14. g4 Rfb8 15. Nf1 b4 16. Ne2 a4 17. Rc1 b3 18. cxb3 axb3 19. a3 Qa5 20. Qd2 Qa6 21. Nd4 Bb5 22. Nxb5 Rxb5 23. Bxf6 Bxf6 24. Ne3 Be7 25. Qe2 d5 26. exd5 e5 27. Rc6 Qa4 28. Rec1 Rba5 29. Qc4 Bb4 30. d6 g6 1-0

[Event "TUR-chT 2nd League"]
[Site "Konya"]
[Date "2022.08.28"]
[Round "9.15"]
[White "Camci, Kayra"]
[Black "Yilmaz, Enes Mustafa"]
[Result "1-0"]
[WhiteElo "1436"]
[BlackElo "1562"]
[PlyCount "93"]
[EventDate "2022.08.22"]
[EventType "team-swiss"]
[EventRounds "9"]
[EventCountry "TUR"]
[SourceTitle "CBM 210 Extra"]
[Source "ChessBase"]
[SourceDate "2022.11.30"]
[SourceVersion "1"]
[SourceVersionDate "2022.11.30"]
[SourceQuality "1"]
[WhiteTeam "Yalova Altinkale"]
[BlackTeam "Altin Hamle Corum"]
[WhiteTeamCountry "TUR"]
[BlackTeamCountry "TUR"]

1. e4 e5 2. Nf3 Nc6 3. d4 exd4 4. Nxd4 Nxd4 5. Qxd4 d6 6. Bf4 Be7 7. Nc3 Nf6 8. 0-0-0 0-0 9. h3 Be6 10. Be3 a6 11. f4 c5 12. Qd2 Qa5 13. a3 b5 14. f5 b4 15. fxe6 bxc3 16. exf7+ Kh8 17. Qxc3 Qxc3 18. bxc3 Nxe4 19. Bc4 Nxc3 20. Rd3 d5 21. Bxd5 Nxd5 22. Rxd5 Rxf7 23. Bxc5 Bf6 24. Rhd1 Rb8 25. c4 h6 26. Bd4 Rc7 27. c5 Bxd4 28. R1xd4 Rb3 29. Ra4 Rc3+ 30. Kb2 R3xc5 31. Rxc5 Rxc5 32. Rxa6 Rg5 33. g4 Re5 34. Rc6 Kg8 35. a4 h5 36. Kb3 Kf7 37. Kb4 Re4+ 38. Rc4 Re3 39. h4 hxg4 40. Rxg4 Re7 41. a5 Ke8 42. Rd4 Re1 43. a6 Ke7 44. Kb5 Re5+ 45. Kb6 Re1 46. Rd5 Ke6 47. a7 1-0

[Event "TUR-chT 2nd League"]
[Site "Konya"]
[Date "2022.08.27"]
[Round "8.15"]
[White "Camci, Kayra"]
[Black "Gulbas, Isa"]
[Result "0-1"]
[WhiteElo "1436"]
[BlackElo "1448"]
[PlyCount "86"]
[EventDate "2022.08.22"]
[EventType "team-swiss"]
[EventRounds "9"]
[EventCountry "TUR"]
[SourceTitle "CBM 210 Extra"]
[Source "ChessBase"]
[SourceDate "2022.11.30"]
[SourceVersion "1"]
[SourceVersionDate "2022.11.30"]
[SourceQuality "1"]
[WhiteTeam "Yalova Altinkale"]
[BlackTeam "Karaman Tabduk Emre"]
[WhiteTeamCountry "TUR"]
[BlackTeamCountry "TUR"]

1. e4 d6 2. d4 g6 3. Nc3 Bg7 4. Bg5 c6 5. Qd2 h6 6. Bf4 b5 7. h3 Nd7 8. Nf3 b4 9. Nd1 Ngf6 10. Bd3 g5 11. Be3 a5 12. e5 Nd5 13. e6 N7f6 14. exf7+ Kxf7 15. c4 Nxe3 16. Nxe3 Rf8 17. h4 g4 18. Ng5+ hxg5 19. hxg5 Ne8 20. Nxg4 Ke6 21. d5+ Kd7 22. dxc6+ Kc7 23. Ne3 e6 24. 0-0-0 Qe7 25. Rde1 Qf7 26. f4 Ra6 27. f5 Rxc6 28. f6 Nxf6 29. gxf6 Qxf6 30. Rh7 Kb8 31. Ng4 Qd4 32. Re4 Qg1+ 33. Re1 Qd4 34. Re4 Qg1+ 35. Kc2 Rc7 36. Qg5 Rf5 37. Qg6 Rff7 38. Re2 Qd4 39. Kb3 Ra7 40. a4 bxa3 41. Kxa3 Rab7 42. Qe4 Qb6 43. Rxg7 Qb3# 0-1